000 00459nam a2200169Ia 4500
008 090124s9999 xx 000 0 und d
082 _b28023
100 _aशेट्ये चंद्रहास
245 _a अजेय
250 _a0
300 _a528
600 _aशेट्ये चंद्रहास
630 _a अजेय
700 _aशेट्ये चंद्रहास
730 _a अजेय
942 _cBOOK
999 _c95235
_d95235